Box office 1997 par images restreintes - Statistiques

Statistiques générales
  • Ce quiz a été pris 162 fois
  • Le résultat moyen est 8 sur 12
Statistiques - réponses
Par images Réponse % Correct
Les 101 Dalmatiens
99%
Men in Black
98%
Hercule
93%
Le Monde perdu : Jurassic Park
92%
Bean
85%
Alien, la résurrection
74%
Le Cinquième Élément
73%
Didier
61%
Le Pari
52%
La Vérité si je mens !
50%
Demain ne meurt jamais
19%
The Full Monty
16%
Aucun quiz correspondant
Distribution des résultats
% des personnes avec chaque résultat
Percentile par nombre de réponses
Votre historique - résultats
Vous n’avez pas pris ce quiz